000 00325nam a2200133 a 4500
005 20140414093835.0
008 030611s19uu xx 00 eng d
050 _aCDR 512
_bMUL 1995 L-II
245 _aMultimedia algebra II.
650 _aInteractive videos.
650 _aMathematics.
942 _cAVM
999 _c108984
_d108984